00830nam a2200121Ia 4500008004100000082002500041100002300066245018800089260004900277365000600326630018800332730018800520100415s9999 xx 000 0 und d b14242a598.65(54558) aSingh D.R. Ramesh aBreeding Centre for Great Indian Bustard in Haryana - Project Proposal - A collaborative Project of the Ministry of Environment & Forests & Wildlife Preservation Department of Haryana aHARYANAc1995bMIN. OF ENV. & FORESTS & WPD, b0 aBreeding Centre for Great Indian Bustard in Haryana - Project Proposal - A collaborative Project of the Ministry of Environment & Forests & Wildlife Preservation Department of Haryana aBreeding Centre for Great Indian Bustard in Haryana - Project Proposal - A collaborative Project of the Ministry of Environment & Forests & Wildlife Preservation Department of Haryana